Usted puede vivir para siempre en el paraiso en la Tierra. (Registro nro. 13089)

Detalles MARC
000 -LIDER
fixed length control field 00650nam a22001817a 4500
003 - IDENTIFICACDOR DE NÚMERO DE CONTROL
control field DO-SdBNP
005 - DATE AND TIME OF LATEST TRANSACTION
control field 20171124124459.0
008 - ELEMENTOS DE LONGITUD FIJA
fixed length control field 171124b 1982 nyu a ||||| |||| 00| 0 spa d
040 ## - FUENTE DE CATALOGACIÓN
Agencia que crea de manera original el registro BPMSU
Idioma de catalogación spa
Agencia que realiza la transcripción BPMSU
092 ## - LOCALLY ASSIGNED DEWEY DECIMAL CALL NUMBER
Número de clasificación xxxx
Número de ítem (Cutter) xxxx
245 10 - MENCIÓN DE TITULO
Título Usted puede vivir para siempre en el paraiso en la Tierra.
260 ## - PUBLICACIÓN, DISTRIBUCIÓN, ETC. (PIE DE IMPRENTA)
Lugar de publicación, distribución, etc Brooklyn, N Y :
Nombre del editor, distribuidor, etc. International Bible Students Association,
Fecha de publicación, distribución, etc 1982.
300 ## - DESCRIPCIÓN FÍSICA
Extensión 253 p. :
Otros detalles físicos il., retrs. ;
Dimensiones 16 cm.
500 ## - NOTA GENERAL
Nota general Vivir para siempre.<br/>Derechos de autor por Watchtower Bible y Tract Society of Pennsylvania.
942 ## - ADDED ENTRY ELEMENTS (KOHA)
Source of classification or shelving scheme Dewey Decimal Classification
Koha item type Libros
945 ## - INFORMACIÓN DE PROCESAMIENTO LOCAL
Información de procesamiento local Inventario / 2017 LP
956 ## - LOCAL ELECTRONIC LOCATION AND ACCESS (OCLC)
Nombre de host LOPEREZ
Número de acceso 10
Información de compresión 20171124
Procesador de solicitud 0041
Existencias
Withdrawn status Lost status Source of classification or shelving scheme Damaged status Not for loan Collection code Home library Current library Date acquired Source of acquisition Total Checkouts Barcode Date last seen Price effective from Koha item type
    Dewey Decimal Classification     Colección General Biblioteca Pública Metropolitana Salomé Ureña Biblioteca Pública Metropolitana Salomé Ureña 11/24/2017 Donación   BPMSU17110422 11/24/2017 11/24/2017 Libros